[Event "GER-chT U12"]
[Site "Verden an der Aller"]
[Date "2007.12.27"]
[Round "1.4"]
[White "Petru, Dennis"]
[Black "Baumann, Oliver"]
[Result "1-0"]
[WhiteElo "1073"]
[BlackElo "888"]
[PlyCount "75"]
[EventDate "2007.12.27"]
[EventType "team-swiss"]
[EventRounds "7"]
[EventCountry "GER"]
[SourceTitle "EXT 2009"]
[Source "ChessBase"]
[SourceDate "2008.11.26"]
[SourceVersion "1"]
[SourceVersionDate "2008.11.26"]
[SourceQuality "1"]
[WhiteTeam "Hamburg Weisse Dame U12"]
[BlackTeam "Stuttgart Wolfbusch U12"]
[WhiteTeamCountry "GER"]
[BlackTeamCountry "GER"]

1. e4 e5 2. Nf3 Nc6 3. d4 exd4 4. Nxd4 Qh4 5. Nc3 Bb4 6. Ndb5 Kd8 7. Qd3 Nf6 8. Bd2 Re8 9. g3 Qg4 10. Be2 Ne5 11. Qe3 Nc4 12. Bxc4 Nxe4 13. f3 Qg6 14. fxe4 Bxc3 15. Nxc3 h6 16. 0-0-0 f5 17. Rhf1 fxe4 18. Bf7 Qd6 19. Bxe8 Kxe8 20. Qxe4+ Kd8 21. Bxh6 Qxh6+ 22. Kb1 c6 23. Rf8+ Kc7 24. Qe5+ d6 25. Qe7+ Kb6 26. Na4+ Ka6 27. Qe2+ b5 28. Nc3 Bb7 29. Rxa8 Bxa8 30. a4 Kb7 31. axb5 cxb5 32. Nxb5 Kc6 33. Rxd6+ Qxd6 34. Nxd6 Kxd6 35. Qd3+ Bd5 36. c4 Kc5 37. Qxd5+ Kb4 38. Qb5# 1-0